LEADER 01053naa a2200241 u 4500 001 000000096281 003 CaOOAMICUS 005 20070226130145.0 008 040924s1985 gw u000 u ger u 020 $a3110105314 035 $a11008512 040 $aIAR$bita 100 1 $aKlinkenberg, Hans Martin.$0(OLS)http://pul/name/61225 245 10$aOriens und Occidens in der frühmittelalterlichen abendländischen Technikliteratur /$cHans Martin Klinkenberg. 260 $aBerlin :$bW. de Gruyter,$c1985. 300 $aS. 376-399, ;$c25 cm 650 4$aTecnica$xStoria$yEvo medio.$0(OLS)http://pul/subject/30244 773 0 $aOrientalische Kultur und europäisches Mittelalter. 773 0 $aMiscellanea mediaevalia.$g17 773 0 $tOrientalische Kultur und europäisches Mittelalter$w()2374 996 $6020$a3110105314$9(OLS)http://pul/number/3169 996 $6245$aOriens und Occidens in der frühmittelalterlichen abendländischen Technikliteratur$9(OLS)http://pul/title/123157 996 $6260$aBerlin :$bW. de Gruyter$9(OLS)http://pul/publisher/48032 LEADER 01465nam a2200313 a 4500 001 000000132673 003 CaOOAMICUS 005 20130207120204.0 008 130207s2013 be u001 u lat r 020 $z9782503547435* 040 $aPUL$bita 041 0 $alat$afre 130 0 $aGlossa in Apocalypsin.$f2013.$0(OLS)http://pul/title/167631 245 00$aIncerti auctoris Glossa in Apocalypsin e codice bibliothecae Universitatis Cantabrigiensis Dd. X, 16 /$ccura et studio Roger Gryson. 260 $aTurnhout :$bBrepols,$c2013. 300 $a151 p. ;$c25 cm 490 1 $aCorpus Cristianorum. Series Latina ;$v108G 504 $aComprende riferimenti bibliografici e indice. 546 $aTesto in latino, commento in francese. 610 24$aCambridge University Library$kMss. (Dd X 16).$0(OLS)http://pul/subject/39362 700 1 $aGryson, Roger.$0(OLS)http://pul/name/8698 830 0$aCorpus Christianorum.$pSeries Latina ;$v108G.$0(OLS)http://pul/title/474 850 $aPUL 852 $aPUL$W1$xSL Cons. Gen., Altre Classi 1$y1$m2008 A 1.108G$j152635$qStampati$B152028$CPULBib$Z2$F152028 $H121614 $82 941 1 $a8 996 $6020$z9782503547435*$9(OLS)http://pul/number/151766 996 $6245$aIncerti auctoris Glossa in Apocalypsin e codice bibliothecae Universitatis Cantabrigiensis Dd. X, 16$9(OLS)http://pul/title/167630 996 $6260$aTurnhout :$bBrepols$9(OLS)http://pul/publisher/47850